| 000 | 00911nam a22002777a 4500 | ||
|---|---|---|---|
| 003 | OSt | ||
| 005 | 20220107122817.0 | ||
| 008 | 160713b xxu||||| |||| 00| 0 eng d | ||
| 020 | _a9783319018232 | ||
| 040 | _cIIITMK | ||
| 082 | _a910.285 MCI/O | ||
| 100 |
_aMcInerney, Daniel _910008 |
||
| 245 |
_aOpen source geospatial tools: _bApplications in earth observation _cDaniel McInerney and Peter Kempeneers |
||
| 260 |
_aNew York, _bSpringer, _c2015. |
||
| 300 | _axxv, 358p. | ||
| 440 |
_aSpringer series in earth systems data and models _910009 |
||
| 650 |
_aGEOGRAPHICAL INFORMATION SYSTEMS _910010 |
||
| 650 |
_aVECTOR DATA _910011 |
||
| 650 |
_aGEOSPATIAL UTILITIES _910012 |
||
| 650 |
_aGEOSPATIAL DATA ANALYSIS _910885 |
||
| 650 |
_aOPEN SOURCE SOFTWARE _910537 |
||
| 650 |
_aOPEN SOURCE TOOLS _910886 |
||
| 650 |
_aREMOTE SENSING _910887 |
||
| 700 |
_aKempeneers, Pieter _910013 |
||
| 942 |
_2ddc _cBK |
||
| 999 |
_c5277 _d5277 |
||